ShamWow Infomercial Quotes Quiz - Statistics

General Stats
  • This quiz has been taken 73 times
  • The average score is 3 of 5
Answer Stats
Quote Answer % Correct
You'll be saying ___ every time you use this towel wow
100%
We can't do this all ___. day
65%
You're gonna spend $20 a _____ on paper towels. month
62%
You know the _______ always make good stuff Germans
43%
Beware of ShamWow _________. imitators
34%
No matching quizzes found
Score Distribution
Percent of People with Each Score
Percentile by Number Answered
Your Score History
You have not taken this quiz